000 00675nam a2200241Ia 4500
003 OSt
005 20220926005549.0
006 a|||||r|||| 00| 0
007 ta
008 220923b |||||||| |||| 00| 0 eng d
037 _cGeneral Book
040 _aRTL
_cRTL
_beng
041 _2eng
_aeng
082 _aX.2.N8, M4
100 _aDhingra Ishwar C
_9310564
245 0 _aIndian economy
_b Resources planning development
250 _a3
260 _a New Delhi
_bSultan Chand
_c1984
300 _axiv, 814p
_ccm.
650 _aIndia Economic Conditions
_940151
942 _hX.2.N8, M4
_cGB
_2CC
999 _c614300
_d614300